000 00780nam a22002057a 4500
999 _c10300
_d10300
003 AR-CdUCM
008 190329b ||||| |||| 00| 0 spa d
040 _aMUNICIPALIDAD PROVINCIAL DEL CUSCO
_cBIBLIOTECA MUNICIPAL DEL CUSCO
082 _a348.3 /
_bF91 / 1903
110 _aFuentes Castro, Paulino
_927086
245 _aCodigo de mineria :
_bPromulgado por el supremo gobierno del Perú /
260 _aLima :
_bEl diario judicial,
_c1903.
300 _a306 páginas ;
_c16 cm.
505 _aContenido : Código de minería -- Reglamento interior del consejo superior de minería -- Arancel parea las diputaciones y delegaciones de minería ...
650 _aMinería
_9430
650 _aPerú
_935
650 _aReglamentos
_98910
942 _2ddc
_cLIBROS
945 _arah